Trees

Bibliographic Details
Main Author: Woolard, Sarah
Corporate Author: Title
Format: Book
Published: Kuala Lumpur : Arus Intelek , 2000
Series:Graded Readers for ERLE (English Language Reinforcement and Enrichment)
Subjects:

MARC

LEADER 00000cam a2200000 7i4500
001 0000068596
005 20161206.0
008 161206
020 |a 9789831502525 
020 |a 9831502523 
090 0 0 |a NH   |b ENG 
100 1 |a Woolard, Sarah 
245 1 0 |a Trees   |c Sarah Woolard 
260 |a Kuala Lumpur :   |b Arus Intelek ,   |c 2000 
300 |a 32pg. :   |b col. ill. 
440 0 |a Graded Readers for ERLE (English Language Reinforcement and Enrichment) 
500 |a Children ages 10-12 years old (pink) 
650 0 |a Junior fiction   |x English   |x Languages 
650 0 |a Natural history 
710 0 |a Title 
999 |a 0000980207   |b Book   |c Children Collection   |e Cawangan Segamat 
999 |a 0001139141   |b Book   |c Children Collection   |e Cawangan Segamat 
999 |a 0001139144   |b Book   |c Children Collection   |e Cawangan Taman Universiti 
999 |a 0001139145   |b Book   |c Children Collection   |e Cawangan Pontian 
999 |a 0001139150   |b Book   |c Children Collection   |e Cawangan Pontian